भक्तियोग / (Record no. 18714)

MARC details
000 -LEADER
fixed length control field 01476nam a22003017a 4500
005 - DATE AND TIME OF LATEST TRANSACTION
control field 20081119112953.0
008 - FIXED-LENGTH DATA ELEMENTS--GENERAL INFORMATION
fixed length control field 081119t xxu||||| |||| 00| 0 hin d
010 ## - LCCN (DPL NO)
LC control number HIN-85029
020 ## - INTERNATIONAL STANDARD BOOK NUMBER
International Standard Book Number 9788189486174
Terms of availability 100.00
035 ## - SYSTEM CONTROL NUMBER
System control number HN-57375
037 ## - SOURCE OF ACQUISITION
Source of stock number/acquisition DBAD / PUB
040 ## - CATALOGING SOURCE
Original cataloging agency DPL
Language of cataloging HN
082 ## - DEWEY DECIMAL CLASSIFICATION NUMBER
Classification number 181.46
100 ## - MAIN ENTRY--PERSONAL NAME
Personal name विवेकानंद
245 ## - TITLE STATEMENT
Title भक्तियोग /
Remainder of title विवेकानंद
246 ## - VARYING FORM OF TITLE
Title proper/short title Bhaktiyog
Remainder of title by Vivekanand
260 ## - PUBLICATION, DISTRIBUTION, ETC. (IMPRINT)
Place of publication, distribution, etc दिल्ली
Name of publisher, distributor, etc कादम्बरी प्रकाशन
Date of publication, distribution, etc 2008
270 ## - ADDRESS
Address 5451, शिव मार्केट ,न्यू चन्द्रावल, जवाहर नगर
City दिल्ली
Postal code 110007
300 ## - PHYSICAL DESCRIPTION
Extent 80पृ
Dimensions 22सेमी (सजिल्द)
500 ## - GENERAL NOTE
General note दो नाटक
600 ## - SUBJECT ADDED ENTRY--PERSONAL NAME
Personal name विवेकानंद, स्वामी, 1863-1902.
600 ## - SUBJECT ADDED ENTRY--PERSONAL NAME
Personal name Vivekananda, Swami, 1863-1902.
650 ## - SUBJECT ADDED ENTRY--TOPICAL TERM
Topical term or geographic name as entry element दर्शन, भारतीय
650 ## - SUBJECT ADDED ENTRY--TOPICAL TERM
Topical term or geographic name as entry element Philosophy, Indic.
942 ## - ADDED ENTRY ELEMENTS (KOHA)
Source of classification or shelving scheme Dewey Decimal Classification
Item type Hindi Books
Call number suffix विवेका
Classification part 181.46
Holdings
Withdrawn status Lost status Source of classification or shelving scheme Damaged status Not for loan Collection code Home library Current library Date acquired Source of acquisition Cost, normal purchase price Total Checkouts Full call number Barcode Date last seen Copy number Cost, replacement price Koha item type
    Dewey Decimal Classification   Not For Loan Non-fiction D.B.Act.Division D.B.Act.Division 19/11/2008 DBAD / PUB 100.00   181.46 विवेका HN-57375 19/11/2008 1 100.00 Hindi Books

© Delhi Public Library
Hit Counter
free hit counter